| 000 | 00475nam a2200205Ia 4500 | ||
|---|---|---|---|
| 008 | 210210b xxu||||| |||| 00| 0 eng d | ||
| 041 | _aeng | ||
| 082 | _a821/398 | ||
| 100 | _aMILES (A H) | ||
| 245 | _aHumour society parody and occasional verse | ||
| 260 |
_aLondon _bHutchinson & Co _c |
||
| 650 | _averse | ||
| 650 | _asociety | ||
| 650 | _aparody | ||
| 650 | _aoccasional | ||
| 650 | _aHumour | ||
| 650 | _aand | ||
| 690 | _aEnglish Literature | ||
| 906 | _a011567 | ||
| 999 |
_c130247 _d130247 |
||